Torturado por Cristo

Sparad:
Bibliografiska uppgifter
Huvudupphovsman: Wurmbrand, Richard (Författare, medförfattare)
Materialtyp: Bok
Språk:spanska
Publicerad: Londres Hodder & Stoughton 1970
Serie:La Iglesia Mártir de Hoy
Ämnen:
Taggar: Lägg till en tagg
Inga taggar, Lägg till första taggen!

MARC

LEADER 00000cam a2200000 a 4500
001 UCM9866
003 CL-VaPUC
008 030530e19700000UK |||||||||||||||||spa|d
082 0 4 |a 272.9  |b WUR  |2 21 
100 0 |a Wurmbrand, Richard  |e author  |9 476473 
245 1 0 |a Torturado por Cristo 
300 |a 152 p 
942 |c BK 
945 |d 20030530 00:00:00  |a rbrito 
260 |a Londres  |b Hodder & Stoughton  |c 1970 
650 7 |a PERSECUSION RELIGIOSA  |2 CL-VaPUC  |9 476417 
650 0 |a Discriminación   |9 335101 
650 0 |a Violaciones de los derechos humanos  |9 338464 
650 7 |a MARXISMO  |2 CL-VaPUC  |9 476474 
650 0 |a Segunda Guerra Mundial  |9 325982 
583 |a last modification  |c 20141006 11:37:49  |k Rodrigo Vera 
490 0 |a La Iglesia Mártir de Hoy 
999 |c 303948  |d 303946 
952 |0 0  |1 0  |4 0  |6 272_900000000000000_WUR_1970  |7 0  |8 A  |9 365617  |a BIBTEO  |b BIBTEO  |d 2019-11-21  |i 3910679  |o 272.9 WUR 1970  |p 3910679  |r 2025-01-17  |w 2019-11-21  |y BK  |k ICR 
952 |0 0  |1 0  |3 erb  |4 0  |6 272_900000000000000_WUR_1970  |7 0  |8 A  |9 365618  |a BIBTEO  |b BIBTEO  |i 4999207  |o 272.9 WUR 1970  |p 4999207  |r 2025-01-17  |w 2019-11-21  |y BK  |z Catalogado en:20141009  |k ICR